|
|
|
|
| LEADER |
01505nam a2200349 a 4500 |
| 001 |
EBC786904 |
| 003 |
MiAaPQ |
| 005 |
20200520144314.0 |
| 006 |
m o d | |
| 007 |
cr cn||||||||| |
| 008 |
111210s2011 sz sb 100 0 eng d |
| 020 |
|
|
|a 9789221254805 (electronic bk.)
|
| 035 |
|
|
|a (MiAaPQ)EBC786904
|
| 035 |
|
|
|a (Au-PeEL)EBL786904
|
| 035 |
|
|
|a (CaPaEBR)ebr10512062
|
| 035 |
|
|
|a (OCoLC)757261178
|
| 040 |
|
|
|a MiAaPQ
|c MiAaPQ
|d MiAaPQ
|
| 050 |
|
4 |
|a HB3717 2008
|b .C75 2011
|
| 245 |
0 |
0 |
|a Crisis
|h [electronic resource] :
|b causes, prospects and alternatives.
|
| 260 |
|
|
|a Geneva :
|b International Labour Office,
|c 2011.
|
| 300 |
|
|
|a 155 p.
|
| 490 |
0 |
|
|a International journal of labour research,
|x 2076-9806 ;
|v 2011, v. 3, issue 1
|
| 504 |
|
|
|a Includes bibliographical references.
|
| 533 |
|
|
|a Electronic reproduction. Ann Arbor, MI : ProQuest, 2015. Available via World Wide Web. Access may be limited to ProQuest affiliated libraries.
|
| 650 |
|
0 |
|a Global Financial Crisis, 2008-2009
|v Congresses.
|
| 650 |
|
0 |
|a Labor unions
|v Congresses.
|
| 650 |
|
0 |
|a International labor activities
|z Congresses.
|
| 650 |
|
0 |
|a Globalization
|x Economic aspects
|v Congresses.
|
| 655 |
|
4 |
|a Electronic books.
|
| 710 |
2 |
|
|a ProQuest (Firm)
|
| 711 |
2 |
|
|a Global Labour University Conference on "Labour and the Global Crisis : Sharing the Burden (!) Shaping the Future (?)"
|d (2010 :
|c Berlin, Germany)
|
| 856 |
4 |
0 |
|u https://ebookcentral.proquest.com/lib/matrademy/detail.action?docID=786904
|z Click to View
|